Rozvoj kompetencií zamestnancov verejnej správy v kontexte zavádzania egovernmentu
Vymedzenie pojmu kompetencie. Vlastníctvo informácií ako výhoda. Problematika rozvoja kompetencií zamestnancov verejnej správy v zahraničí. Záujmové prístupy k rozvoju kompetencií zamestnancov verejnej správy na národnej úrovni. Stav vzdelávania zamestnancov verejnej správy v SR v súvislosti so zav...
Salvato in:
| Autore principale: | |
|---|---|
| Natura: | Capitolo di libro |
| Lingua: | slovacco |
| Soggetti: | |
| Tags: |
Nessun Tag, puoi essere il primo ad aggiungerne!!
|
MARC
| LEADER | 00000naa$a2200000$$$4500 | ||
|---|---|---|---|
| 001 | 0093805 | ||
| 005 | 20230929121521.8 | ||
| 041 | 0 | |a slo | |
| 044 | |a SK | ||
| 245 | 1 | 0 | |a Rozvoj kompetencií zamestnancov verejnej správy v kontexte zavádzania egovernmentu |c Ján Hargaš |
| 520 | |a Vymedzenie pojmu kompetencie. Vlastníctvo informácií ako výhoda. Problematika rozvoja kompetencií zamestnancov verejnej správy v zahraničí. Záujmové prístupy k rozvoju kompetencií zamestnancov verejnej správy na národnej úrovni. Stav vzdelávania zamestnancov verejnej správy v SR v súvislosti so zavedením eGovernmentu. verejnej správy | ||
| 610 | 2 | 0 | |a správa verejná elektronická |
| 610 | 2 | 0 | |a kompetencie |
| 610 | 2 | 0 | |a vzdelávanie |
| 610 | 2 | 0 | |a zamestnanci |
| 610 | 2 | 0 | |a informácie |
| 610 | 2 | 0 | |a Slovensko |
| 100 | 1 | |a Hargaš, Ján | |